Successes and failures in meeting the management challenge : strategies and their implementation /

Saved in:
Bibliographic Details
Main Author: Kubr, Milan
Other Authors: Wallace, John, 1939-
Format: Book
Language:English
Published: Washington, D.C. : World Bank, c1983.
Series:World Bank staff working paper ; no. 585.
World Bank staff working paper. Management and development series ; no. 12.
Subjects:
LEADER 01384nam a2200325 a 4500
001 c000182055
003 CARM
005 20050412165032.0
008 830808s1983 dcu b i000 0 eng
010 |a 83017061 //r913 
019 1 |a 2844907  |5 LACONCORD2021 
020 |a 082130254X 
035 |a (OCoLC)9826926  |5 LACONCORD2021 
040 |a LC  |b eng  |c LC  |d XNTU 
050 0 0 |a HD70.D44  |b K82 1983 
082 0 4 |a 658.4/07124/091724  |2 19 
100 1 |a Kubr, Milan. 
245 1 0 |a Successes and failures in meeting the management challenge :  |b strategies and their implementation /  |c Milan Kubr, John Wallace. 
260 |a Washington, D.C. :  |b World Bank,  |c c1983. 
300 |a vii, 98 p. ;  |c 27 cm. 
490 1 |a World Bank staff working papers ;  |v no. 585.  |a Management and development series ;  |v no. 12 
504 |a Includes bibliographical references. 
650 0 |a Management  |z Developing countries. 
650 0 |a Executives  |x Training of  |z Developing countries. 
700 1 |a Wallace, John,  |d 1939- 
830 0 |a World Bank staff working paper ;  |v no. 585. 
830 0 |a World Bank staff working paper.  |p Management and development series ;  |v no. 12. 
852 8 |b CARM  |h A1:AR22C0  |i D07779  |p 0249066  |f BK 
999 f f |i a7012a71-976d-5a64-a5e9-b0d4fa5875fc  |s ab6f74d5-e505-507e-a9a5-6ecd651279c3 
952 f f |p Can circulate  |a CAVAL  |b CAVAL  |c CAVAL  |d CARM 1 Store  |e D07779  |f A1:AR22C0  |h Other scheme  |i book  |m 0249066